Identify the prime numbers - sudden death - Statistics

General Stats
  • This quiz has been taken 94 times
  • The average score is 6 of 14
Answers on the Grid
Answers color-coded by a green-red scale on the quiz's grid according to % correct below.
2
4
45
65
87
54
44
23
67
73
69
83
71
37
12
17
23
57
55
80
1
43
19
29
58
88
93
41
20
10
7
8
 
Answer Stats
Answer % Correct
19
55%
7
50%
17
48%
23
45%
73
45%
29
43%
37
40%
43
40%
71
40%
2
38%
23
38%
83
38%
41
33%
67
29%
No matching quizzes found
Score Distribution
Percent of People with Each Score
Percentile by Number Answered
Your Score History
You have not taken this quiz